Equipes en phases finales de Pro D2 - Statistiques

Statistiques générales
  • Ce quiz a été pris 60 fois
  • Le résultat moyen est 20 sur 28
Statistiques - réponses
Nombre de qualifications Championnat actuel Club % Correct
4 Top 14 Aviron Bayonnais
93%
4 Pro D2 Biarritz Olympique
91%
6 Pro D2 FC Grenoble
91%
4 Top 14 RC Vannes
91%
5 Top 14 Section Paloise
91%
4 Pro D2 CA Brive
86%
7 Top 14 Lyon OU
84%
3 Top 14 RC Toulon
84%
6 Pro D2 SU Agen
82%
4 Top 14 USA Perpignan
82%
2 Top 14 Racing 92
80%
9 Pro D2 US Oyonnax
77%
4 Pro D2 AS Béziers
75%
11 Pro D2 Stade Montois
75%
1 Top 14 Montpellier HR
70%
7 Top 14 Stade Rochelais
70%
1 Top 14 Union Bordeaux Bègles
70%
5 Pro D2 US Dax
70%
1 Pro D2 Provence Rugby
68%
1 Nationale RC Narbonne
68%
4 Pro D2 US Montauban
66%
4 Nationale SC Albi
57%
4 Pro D2 Colomiers Rugby
55%
1 Nationale US Carcassonne
55%
4 Pro D2 USO Nevers
55%
1 Nationale Stado TPR
52%
3 Pro D2 Stade Aurillacois
50%
4 Nationale 2 FC Auch
48%
Aucun quiz correspondant
Distribution des résultats
% des personnes avec chaque résultat
Percentile par nombre de réponses
Votre historique - résultats
Vous n’avez pas pris ce quiz